250 CASES IN CLINICAL MEDICINE (Record no. 6736)

MARC details
000 -LEADER
fixed length control field 00351nam a2200145Ia 4500
008 - FIXED-LENGTH DATA ELEMENTS--GENERAL INFORMATION
fixed length control field 150301s2013 xx 000 0 und d
082 ## - DEWEY DECIMAL CLASSIFICATION NUMBER
Classification number 616.024
Item number C13B
100 ## - MAIN ENTRY--PERSONAL NAME
Personal name BALIGA, R.R.
245 ## - TITLE STATEMENT
Title 250 CASES IN CLINICAL MEDICINE
250 ## - EDITION STATEMENT
Edition statement 4TH
260 ## - PUBLICATION, DISTRIBUTION, ETC. (IMPRINT)
Name of publisher, distributor, etc. SAUNDERS
Place of publication, distribution, etc. EDINBURGH
Date of publication, distribution, etc. 2013
300 ## - PHYSICAL DESCRIPTION
Extent 909
650 ## - SUBJECT ADDED ENTRY--TOPICAL TERM
Topical term or geographic name as entry element GENERAL MEDICINE
942 ## - ADDED ENTRY ELEMENTS (KOHA)
Source of classification or shelving scheme Dewey Decimal Classification
Koha item type Books
Holdings
Withdrawn status Lost status Source of classification or shelving scheme Damaged status Not for loan Collection code Home library Current library Shelving location Date acquired Source of acquisition Cost, normal purchase price SGTU Bill Number Total Checkouts Full call number Barcode Date last seen Bill Date Koha item type
    Dewey Decimal Classification   Not For Loan MEDICAL SGT Medical Library SGT Medical Library Reference Book 02/07/2015 ABC DELHI 1227.00 SGTU 4996   616.024 C13B FM7183 02/07/2015 06/11/2014 Books
    Dewey Decimal Classification   Not For Loan MEDICAL SGT Medical Library SGT Medical Library Reference Book 02/07/2015 ABC DELHI 1227.00 SGTU 4996   616.024 C13B FM7184 02/07/2015 06/11/2014 Books
    Dewey Decimal Classification   Not For Loan MEDICAL SGT Medical Library SGT Medical Library Reference Book 02/07/2015 ABC DELHI 1227.00 SGTU 4996   616.024 C13B FM7185 02/07/2015 06/11/2014 Books